Công nghiệp hóa và chiến lược tăng trưởng dựa trên xuất khẩu
Gồm 2 phần: công cuộc đổi mới kinh tế ở Việt Nam: thành công và thách thức; một số kinh nghiệm của Hàn Quốc về công nghiệp hóa và chiến lược tăng trưởng dựa trên xuất khẩu
Đã lưu trong:
| Tác giả chính: | |
|---|---|
| Định dạng: | Sách |
| Năm xuất bản: |
H.
Chính trị Quốc gia
1997
|
| Chủ đề: | |
| Tags: |
Thêm thẻ
Không có thẻ, Hãy là người đầu tiên gắn thẻ bản ghi này!
|
| LEADER | 01558nam a2200217 4500 | ||
|---|---|---|---|
| 082 | |a 338.9 |b C455ngh. | ||
| 100 | |a Lưu Bich Hồ | ||
| 245 | |a Công nghiệp hóa và chiến lược tăng trưởng dựa trên xuất khẩu |c Lưu Bich Hồ, nguyễn Quang Thái, Phạm Quang Hàm,... | ||
| 260 | |a H. |b Chính trị Quốc gia |c 1997 | ||
| 300 | |a 223 tr. |c 19 cm | ||
| 520 | |a Gồm 2 phần: công cuộc đổi mới kinh tế ở Việt Nam: thành công và thách thức; một số kinh nghiệm của Hàn Quốc về công nghiệp hóa và chiến lược tăng trưởng dựa trên xuất khẩu | ||
| 653 | |a Công nghiệp hóa | ||
| 653 | |a chiến lược phát triển | ||
| 653 | |a Tăng trưởng kinh tế | ||
| 942 | |2 ddc |c STK0 | ||
| 999 | |c 9356 |d 9356 | ||
| 952 | |0 0 |1 0 |2 ddc |4 0 |6 338_900000000000000_C455NGH |7 0 |8 300 |9 74975 |a qbu |b qbu |c D2 |d 2015-05-10 |g 15000 |o 338.9 C455ngh. |p 9237.c1 |r 0000-00-00 |w 2015-05-10 |y STK0 | ||
| 952 | |0 0 |1 0 |2 ddc |4 0 |6 338_900000000000000_C455NGH |7 0 |8 300 |9 74976 |a qbu |b qbu |c D2 |d 2015-05-10 |g 15000 |o 338.9 C455ngh. |p 9237.c2 |r 0000-00-00 |w 2015-05-10 |y STK0 | ||
| 952 | |0 0 |1 0 |2 ddc |4 0 |6 338_900000000000000_C455NGH |7 0 |8 300 |9 74977 |a qbu |b qbu |c D2 |d 2015-05-10 |g 15000 |o 338.9 C455ngh. |p 9237.c3 |r 0000-00-00 |w 2015-05-10 |y STK0 | ||
| 952 | |0 0 |1 0 |2 ddc |4 0 |6 338_900000000000000_C455NGH |7 0 |8 300 |9 74978 |a qbu |b qbu |c D2 |d 2015-05-10 |g 15000 |o 338.9 C455ngh. |p 9237.c4 |r 0000-00-00 |w 2015-05-10 |y STK0 | ||
| 952 | |0 0 |1 0 |2 ddc |4 0 |6 338_900000000000000_C455NGH |7 0 |8 300 |9 74979 |a qbu |b qbu |c D2 |d 2015-05-10 |g 15000 |o 338.9 C455ngh. |p 9237.c5 |r 0000-00-00 |w 2015-05-10 |y STK0 | ||